000 00644 a2200205 4500
010 _aENG-85864
020 _a8120330633
_c525.00
035 _aEN-69397
037 _bD.B.Act / Pub
082 1 4 _a604.2
090 _c3830
_d3830
100 1 _aBethune, James D.,
245 1 _aEngineering graphics with AutoCAD 2006
_cJames D. Bethune.
260 _aNew Delhi
_bPrentice-Hall of India
_c2007
300 _axii, 771 p. :
_bill. ;
_c28 cm. (Pbk)
500 _aIncludes index.
650 0 _aEngineering graphics.
942 _adpl
_cEN
_k604.2 / BET
999 _c3752
_d3752